<?xml version="1.0" encoding="UTF-8"?><marc:collection xmlns:marc="http://www.loc.gov/MARC21/slim">
  <marc:record>
    <marc:leader>00000nam  2200000zi 4500</marc:leader>
    <marc:controlfield tag="001">9.918805</marc:controlfield>
    <marc:controlfield tag="003">CaOODSP</marc:controlfield>
    <marc:controlfield tag="005">20240619141856</marc:controlfield>
    <marc:controlfield tag="006">m     o  d f      </marc:controlfield>
    <marc:controlfield tag="007">cr |n|||||||||</marc:controlfield>
    <marc:controlfield tag="008">230103t20222022oncabdo obf  f000 0 fre d</marc:controlfield>
    <marc:datafield tag="040" ind1=" " ind2=" ">
      <marc:subfield code="a">CaOODSP</marc:subfield>
      <marc:subfield code="b">fre</marc:subfield>
      <marc:subfield code="e">rda</marc:subfield>
      <marc:subfield code="c">CaOODSP</marc:subfield>
    </marc:datafield>
    <marc:datafield tag="043" ind1=" " ind2=" ">
      <marc:subfield code="a">n-cn---</marc:subfield>
    </marc:datafield>
    <marc:datafield tag="086" ind1="1" ind2=" ">
      <marc:subfield code="a">Fs154-31/2022F-PDF</marc:subfield>
    </marc:datafield>
    <marc:datafield tag="110" ind1="2" ind2=" ">
      <marc:subfield code="a">Garde côtière canadienne.</marc:subfield>
      <marc:subfield code="e">auteur, </marc:subfield>
      <marc:subfield code="e">organisme de publication.</marc:subfield>
    </marc:datafield>
    <marc:datafield tag="245" ind1="1" ind2="0">
      <marc:subfield code="a">Navigation dans les glaces en eaux Canadiennes.</marc:subfield>
    </marc:datafield>
    <marc:datafield tag="250" ind1=" " ind2=" ">
      <marc:subfield code="a">Sixième édition - Version no 1</marc:subfield>
    </marc:datafield>
    <marc:datafield tag="264" ind1=" " ind2="1">
      <marc:subfield code="a">Ottawa (Ontario) : </marc:subfield>
      <marc:subfield code="b">Pêches et océans Canada, Garde côtière canadienne = Fisheries and Oceans Canada, Canadian Coast Guard, </marc:subfield>
      <marc:subfield code="c">2022.</marc:subfield>
    </marc:datafield>
    <marc:datafield tag="264" ind1=" " ind2="4">
      <marc:subfield code="c">©2022</marc:subfield>
    </marc:datafield>
    <marc:datafield tag="300" ind1=" " ind2=" ">
      <marc:subfield code="a">1 ressource en ligne (xiv, 180 pages) : </marc:subfield>
      <marc:subfield code="b">cartes, graphiques, illustrations, photographies</marc:subfield>
    </marc:datafield>
    <marc:datafield tag="336" ind1=" " ind2=" ">
      <marc:subfield code="a">texte</marc:subfield>
      <marc:subfield code="b">txt</marc:subfield>
      <marc:subfield code="2">rdacontent/fre</marc:subfield>
    </marc:datafield>
    <marc:datafield tag="337" ind1=" " ind2=" ">
      <marc:subfield code="a">informatique</marc:subfield>
      <marc:subfield code="b">c</marc:subfield>
      <marc:subfield code="2">rdamedia/fre</marc:subfield>
    </marc:datafield>
    <marc:datafield tag="338" ind1=" " ind2=" ">
      <marc:subfield code="a">ressource en ligne</marc:subfield>
      <marc:subfield code="b">cr</marc:subfield>
      <marc:subfield code="2">rdacarrier/fre</marc:subfield>
    </marc:datafield>
    <marc:datafield tag="500" ind1=" " ind2=" ">
      <marc:subfield code="a">Publié aussi en anglais sous le titre : Ice navigation in Canadian waters.</marc:subfield>
    </marc:datafield>
    <marc:datafield tag="500" ind1=" " ind2=" ">
      <marc:subfield code="a">« 2022-02-23 ».</marc:subfield>
    </marc:datafield>
    <marc:datafield tag="500" ind1=" " ind2=" ">
      <marc:subfield code="a">« GCC/6120 ».</marc:subfield>
    </marc:datafield>
    <marc:datafield tag="500" ind1=" " ind2=" ">
      <marc:subfield code="a">Le fichier de publication en format PDF a été remplacé le 19 juin 2024 à la requête de Ministère des pêches et des océans.</marc:subfield>
    </marc:datafield>
    <marc:datafield tag="504" ind1=" " ind2=" ">
      <marc:subfield code="a">Comprend des références bibliographiques.</marc:subfield>
    </marc:datafield>
    <marc:datafield tag="520" ind1=" " ind2=" ">
      <marc:subfield code="a">« Le manuel GCC/6120 - Navigation dans les glaces en eaux canadiennes est publié par la Garde côtière canadienne (GCC), en collaboration avec Transports Canada Sécurité maritime, le Service canadien des glaces (SCG) d'Environnement et Changement climatique Canada (ECCC) et le Service hydrographique du Canada de Pêches et Océans Canada. La publication vise à aider les navires opérant dans les glaces de toutes les eaux canadiennes, incluant l'Arctique. Les navigateurs des navires transitant dans les eaux couvertes de glaces au Canada y trouveront l'information nécessaire pour comprendre les lois et règlements, les services d'aide à la navigation, les dangers et les techniques de navigation » -- introduction, page xiv.</marc:subfield>
    </marc:datafield>
    <marc:datafield tag="650" ind1=" " ind2="6">
      <marc:subfield code="a">Navigation dans les glaces</marc:subfield>
      <marc:subfield code="z">Canada</marc:subfield>
      <marc:subfield code="v">Guides, manuels, etc.</marc:subfield>
    </marc:datafield>
    <marc:datafield tag="655" ind1=" " ind2="7">
      <marc:subfield code="a">Guides et manuels</marc:subfield>
      <marc:subfield code="2">rvmgf</marc:subfield>
    </marc:datafield>
    <marc:datafield tag="710" ind1="1" ind2=" ">
      <marc:subfield code="a">Canada.</marc:subfield>
      <marc:subfield code="b">Transports Canada. </marc:subfield>
      <marc:subfield code="b">Sécurité maritime, </marc:subfield>
      <marc:subfield code="e">contributeur.</marc:subfield>
    </marc:datafield>
    <marc:datafield tag="710" ind1="1" ind2=" ">
      <marc:subfield code="a">Canada.</marc:subfield>
      <marc:subfield code="b">Environnement et changement climatique Canada. </marc:subfield>
      <marc:subfield code="b">Service canadien des glaces, </marc:subfield>
      <marc:subfield code="e">contributeur.</marc:subfield>
    </marc:datafield>
    <marc:datafield tag="710" ind1="2" ind2=" ">
      <marc:subfield code="a">Service hydrographique du Canada, </marc:subfield>
      <marc:subfield code="e">contributeur.</marc:subfield>
    </marc:datafield>
    <marc:datafield tag="775" ind1="0" ind2="8">
      <marc:subfield code="t">Ice navigation in Canadian waters.</marc:subfield>
      <marc:subfield code="w">(CaOODSP)9.918799</marc:subfield>
    </marc:datafield>
    <marc:datafield tag="795" ind1=" " ind2=" ">
      <marc:subfield code="t">Navigation dans les glaces en eaux Canadiennes / </marc:subfield>
      <marc:subfield code="b">2012</marc:subfield>
      <marc:subfield code="w">(CaOODSP)9.640216</marc:subfield>
    </marc:datafield>
    <marc:datafield tag="856" ind1="4" ind2="0">
      <marc:subfield code="q">PDF</marc:subfield>
      <marc:subfield code="s">10.32 Mo</marc:subfield>
      <marc:subfield code="u">https://publications.gc.ca/collections/collection_2023/mpo-dfo/Fs154-31-2022-fra.pdf</marc:subfield>
    </marc:datafield>
    <marc:datafield tag="856" ind1="4" ind2=" ">
      <marc:subfield code="q">HTML</marc:subfield>
      <marc:subfield code="s">S.O.</marc:subfield>
      <marc:subfield code="u">https://www.ccg-gcc.gc.ca/publications/icebreaking-deglacage/ice-navigation-glaces/page01-fra.html</marc:subfield>
    </marc:datafield>
    <marc:datafield tag="986" ind1=" " ind2=" ">
      <marc:subfield code="a">CCG/6120</marc:subfield>
    </marc:datafield>
  </marc:record>
</marc:collection>
